Los ejércitos de la noche; la argentina de cartón /

Guardado en:
Autor Principal: Muleiro, Vicente
Formato: Libro
Publicado: Buenos Aires : Clarín, 2002
Etiquetas: Agregar Etiqueta
Sin Etiquetas, Sea el primero en etiquetar este registro!
LEADER 00423nam a22001455a 4500
001 CEM.cems011075
005 20060214000000.0
008 130507s2002##################000#0#####d
003 CEMS
082 0 4 |a F330.982 
100 1 |a Muleiro, Vicente 
245 1 0 |a Los ejércitos de la noche; la argentina de cartón / 
260 |a Buenos Aires :  |b Clarín,  |c 2002 
300 |a 5 p.1 
859 |a CEMS  |b BIB. CEMS - 11 de abril  |h F330.982  |i 2  |p 1876.44  |t Ej.1